[Event "DEN-ch G5-B"]
[Site "Helsingor"]
[Date "2013.03.30"]
[Round "3"]
[White "Maechel, Michael"]
[Black "Raahauge, Hans"]
[Result "0-1"]
[WhiteElo "1733"]
[BlackElo "1716"]
[PlyCount "136"]
[EventDate "2013.03.28"]
[EventType "swiss"]
[EventRounds "5"]
[EventCountry "DEN"]
[SourceTitle "EXT 2023"]
[Source "ChessBase"]
[SourceDate "2022.10.05"]
[SourceVersion "1"]
[SourceVersionDate "2022.10.05"]
[SourceQuality "1"]

1. e4 e5 2. Nf3 Nf6 3. Nxe5 d6 4. Nf3 Nxe4 5. d4 d5 6. Bd3 Bd6 7. 0-0 0-0 8. c4 c6 9. Nc3 Nxc3 10. bxc3 Bg4 11. h3 Bh5 12. Re1 Re8 13. Be3 Nd7 14. cxd5 cxd5 15. Rb1 b6 16. Bb5 Re7 17. Bc6 Rc8 18. Bxd5 Rxc3 19. Rb3 Rxb3 20. Bxb3 h6 21. g4 Bg6 22. Bc2 Bxc2 23. Qxc2 Nf6 24. g5 hxg5 25. Nxg5 Bf4 26. Qf5 Bxe3 27. fxe3 Qd7 28. Qxd7 Rxd7 29. Rc1 g6 30. Rc6 Kg7 31. Kf2 Nd5 32. a3 Rc7 33. Rd6 Nc3 34. Kf3 Nb5 35. Rd8 Nxa3 36. d5 Nc4 37. Kf4 a5 38. d6 Rc5 39. e4 Ne5 40. d7 Kf6 41. Nh7+ Ke7 42. Re8+ Kxd7 43. Rxe5 Rxe5 44. Kxe5 Kc6 45. Nf6 a4 46. Nd5 Kc5 47. Kf6 b5 48. Kxf7 a3 49. Ne3 b4 50. Nc2 a2 51. Na1 Kc4 52. e5 b3 53. e6 b2 54. e7 bxa1Q 55. e8Q Qf1+ 56. Kg8 a1Q 57. Qc6+ Kb4 58. Qb6+ Kc3 59. Qe3+ Qd3 60. Qe5+ Qd4 61. Qg3+ Kc4 62. Qc7+ Qc5 63. Qf4+ Qad4 64. Qf1+ Kd5 65. Qf7+ Kc6 66. Qe8+ Qd7 67. Qxg6+ Kb7 68. Qb1+ Kc8 0-1